Probability measures on groups VIII : proceedings of a conference held in Oberwolfach, November 10-16, 1985
Αποθηκεύτηκε σε:
| Άλλοι συγγραφείς: | |
|---|---|
| Μορφή: | Βιβλίο |
| Γλώσσα: | English French |
| Δημοσίευση: |
Berlin :
Springer-Verlag,
c1986
|
| Σειρά: | Lecture notes in mathematics (Springer-Verlag)
; 1210 |
| Θέματα: | |
| Ετικέτες: |
Προσθήκη ετικέτας
Δεν υπάρχουν, Καταχωρήστε ετικέτα πρώτοι!
|
MARC
| LEADER | 00000nam a2200000 i 4500 | ||
|---|---|---|---|
| 001 | 1/64145 | ||
| 008 | 941103s1986 eng d | ||
| 020 | |a 3-540-16806-0 | ||
| 035 | |a 1993 |l 10046913 | ||
| 040 | |a GR-MY-UA |b gre |e aacr | ||
| 041 | 0 | |a eng |h fre | |
| 082 | 0 | |a 519.2 | |
| 245 | 1 | 0 | |a Probability measures on groups VIII : |b proceedings of a conference held in Oberwolfach, November 10-16, 1985 / |c edited by H. Heyer |
| 246 | 3 | 3 | |a Probability measures on groups, 8 |
| 260 | |a Berlin : |b Springer-Verlag, |c c1986 | ||
| 300 | |a x, 386 p.; |c 25 cm. | ||
| 490 | 1 | |a Lecture notes in mathematics (Springer-Verlag) |v ; 1210 | |
| 504 | |a Includes bibliographical references | ||
| 650 | 0 | 0 | |a Probabilities |x Congresses. |
| 650 | 0 | 0 | |a Group theory |x Congresses. |
| 650 | 0 | 0 | |a Stochastic processes |x Congresses. |
| 700 | 1 | |a Heyer, Herbert. |4 edt | |
| 830 | 0 | |a Lecture notes in mathematics (Springer-Verlag) |v ; 1210 | |
| 852 | |a INST |b SAMOS |e 19941103 |h 519.2 PRO |p 005300007942 |q 005300007942 |t BK |y 0 | ||
| 909 | |a Σ |b 029063 | ||